Tour de France 2025 - meilleur coreur par équipe - Statistiques

Statistiques générales
  • Ce quiz a été pris 177 fois
  • Le résultat moyen est 15 sur 23
Statistiques - réponses
Équipe Coureur Place % Correct
Team Visma | Lease a bike Jonas Vingegaard 2
100%
UAE Team Emirates XRG Tadej Pogacar 1
100%
Arkéa-B&B Hotels Kevin Vauquelin 7
98%
Decathlon AG2R La Mondiale Team Felix Gall 5
97%
EF Education-EasyPost Ben Healy 9
96%
Red Bull - Bora-Hansgrohe Florian Lipowitz 3
96%
Team Picnic PostNL Oscar Onley 4
95%
TotalEnergies Jordan Jegat 10
93%
Team Jayco AlUla Ben O'Connor 11
91%
Uno-X Mobility Tobias Johannessen 6
89%
INEOS Grenadiers Thymen Arensman 12
82%
Groupama-FDJ Guillaume Martin 16
80%
XDS Astana Team Sergio Higuita 14
57%
Tudor Pro Cycling Team Michael Storer 42
55%
Soudal Quick-Step Ilan Van Wilder 32
53%
Bahrain Victorious Santiago Buitrago 40
48%
Cofidis Emanuel Buchmann 30
41%
Alpecin-Deceuninck Xandro Meurisse 22
39%
Lidl-Trek Quinn Simmons 59
38%
Movistar Team Gregor Mühlberger 18
37%
Intermarché-Wanty Louis Barré 82
32%
Lotto Jenno Berckmoes 66
17%
Israel - Premier Tech Joseph Blackmore 48
15%
Aucun quiz correspondant
Distribution des résultats
% des personnes avec chaque résultat
Percentile par nombre de réponses
Votre historique - résultats
Vous n’avez pas pris ce quiz